Statistics for F1 knowlegde

Click here to take the quiz!

General Stats

  • This quiz has been taken 65 times
  • The average score is 9 of 16

Answer Stats

QuestionAnswer% Correct
Which of these constructors has competed in every F1 season?Ferrari
96%
Which of these drivers is the youngest ever to start a race?Max Verstappen
89%
Which driver has the most consecutive race starts?Lewis Hamilton
82%
Who is the youngest ever World Driver Champion?Sebastian Vettel
82%
Which driver has the highest % of podiums in 1 season?Michael Schumacher
73%
Which of these drivers died due to a racing incident the closest to today? Race in Peace. And yes they all died due to a racing incident.Jules Bianchi
59%
How many races are there in 2022 (original calendar)?23
57%
When was the F1 constructors championship introduced?1958
55%
Who is the driver from the 2 questions above?Kimi Raikönnen
55%
Which of these drivers is the oldest ever to enter a race?Louis Chiron
54%
How many post posthumous (after death) F1 Champions have there been?1
52%
Which driver has the most podium finishes in 1 season?Max Verstappen
39%
What is the most amount of Grand Prix's entered by 1 driver?353
38%
What is the most amount of Grand Prix's started by 1 driver?349
32%
Which driver has the highest % entry to pole rate?Juan Manuel Fangio
30%
Which driver has the most starts before scoring points?Nicola Larini
23%

Score Distribution

Percentile by Number Answered

Percent of People with Each Score

Your Score History

You have not taken this quiz